Health Promotion in Nursing Practice / (Record no. 17483)
[ view plain ]
| 000 -LEADER | |
|---|---|
| fixed length control field | 01731cam a22003254a 4500 |
| 001 - CONTROL NUMBER | |
| control field | 15968834 |
| 005 - DATE AND TIME OF LATEST TRANSACTION | |
| control field | 20130529121745.0 |
| 008 - FIXED-LENGTH DATA ELEMENTS--GENERAL INFORMATION | |
| fixed length control field | 091030s2011 njua b 001 0 eng |
| 020 ## - INTERNATIONAL STANDARD BOOK NUMBER | |
| International Standard Book Number | 9780135097212 |
| 020 ## - INTERNATIONAL STANDARD BOOK NUMBER | |
| International Standard Book Number | 0135097215 |
| 082 00 - DEWEY DECIMAL CLASSIFICATION NUMBER | |
| Classification number | 610.73 |
| Edition number | 22 |
| Item number | PEN |
| 100 1# - MAIN ENTRY--PERSONAL NAME | |
| Personal name | Pender, Nola J., |
| Dates associated with a name | 1941- |
| 9 (RLIN) | 33267 |
| 245 10 - TITLE STATEMENT | |
| Title | Health Promotion in Nursing Practice / |
| Statement of responsibility, etc | Nola J. Pender, Carolyn L. Murdaugh, Mary Ann Parsons. |
| 250 ## - EDITION STATEMENT | |
| Edition statement | 6th ed. |
| 260 ## - PUBLICATION, DISTRIBUTION, ETC. (IMPRINT) | |
| Place of publication, distribution, etc | Upper Saddle River, N.J. : |
| Name of publisher, distributor, etc | Pearson, |
| Date of publication, distribution, etc | c2011. |
| 300 ## - PHYSICAL DESCRIPTION | |
| Extent | xviii, 349 p. : |
| Other physical details | ill. ; |
| Dimensions | 24 cm. |
| 504 ## - BIBLIOGRAPHY, ETC. NOTE | |
| Bibliography, etc | Includes bibliographical references and index. |
| 505 0# - FORMATTED CONTENTS NOTE | |
| Formatted contents note | Toward a definition of health -- Individual models to promote health behavior -- Community models to promote health -- Assessing health and health behaviors -- Developing a health promotion-prevention plan -- Physical activity and health promotion -- Nutrition and health promotion -- Stress management and health promotion -- Social support and health -- Evaluating individual and community interventions -- Self-care for health promotion across the life span -- Health promotion in vulnerable populations -- Health promotion in community settings -- Promoting health through social and environmental change. |
| 650 #0 - SUBJECT ADDED ENTRY--TOPICAL TERM | |
| Topical term or geographic name as entry element | Health promotion. |
| 9 (RLIN) | 33268 |
| 650 #0 - SUBJECT ADDED ENTRY--TOPICAL TERM | |
| Topical term or geographic name as entry element | Preventive health services. |
| 9 (RLIN) | 33269 |
| 650 #0 - SUBJECT ADDED ENTRY--TOPICAL TERM | |
| Topical term or geographic name as entry element | Nursing. |
| 9 (RLIN) | 33270 |
| 650 12 - SUBJECT ADDED ENTRY--TOPICAL TERM | |
| Topical term or geographic name as entry element | Health Promotion |
| Form subdivision | Nurses' Instruction. |
| 9 (RLIN) | 33271 |
| 650 12 - SUBJECT ADDED ENTRY--TOPICAL TERM | |
| Topical term or geographic name as entry element | Nursing Care |
| Form subdivision | Nurses' Instruction. |
| 9 (RLIN) | 33272 |
| 650 22 - SUBJECT ADDED ENTRY--TOPICAL TERM | |
| Topical term or geographic name as entry element | Health Behavior |
| Form subdivision | Nurses' Instruction. |
| 9 (RLIN) | 33273 |
| 650 22 - SUBJECT ADDED ENTRY--TOPICAL TERM | |
| Topical term or geographic name as entry element | Health Policy |
| Form subdivision | Nurses' Instruction. |
| 9 (RLIN) | 33274 |
| 653 ## - INDEX TERM--UNCONTROLLED | |
| Resource For college | |
| Arrived date list | May2013 |
| 700 1# - ADDED ENTRY--PERSONAL NAME | |
| Personal name | Murdaugh, Carolyn L. |
| 9 (RLIN) | 33275 |
| 700 1# - ADDED ENTRY--PERSONAL NAME | |
| Personal name | Parsons, Mary Ann. |
| 9 (RLIN) | 33276 |
| 942 ## - ADDED ENTRY ELEMENTS (KOHA) | |
| Source of classification or shelving scheme | Dewey Decimal Classification |
| Item type | |
| Withdrawn status | Item status | Source of classification or shelving scheme | Damaged status | Not for loan | Vendor | Home library | Current library | Shelving location | Date acquired | Source of acquisition | Cost, normal purchase price | Serial Enumeration / chronology | Total Checkouts | Total Renewals | Full call number | Barcode | Date last seen | Date last borrowed | Cost, replacement price | Koha item type |
|---|---|---|---|---|---|---|---|---|---|---|---|---|---|---|---|---|---|---|---|---|
| Dewey Decimal Classification | Baccah | Central Library | Central Library | First floor | 29/05/2013 | 324.00 | 17806 | 5 | 8 | 610.73 PEN | 000028756 | 15/07/2025 | 24/11/2022 | 405.00 | Book - Borrowing |